000 00249nam a2200109Ia 4500
008 230312s9999||||xx |||||||||||||| ||und||
082 _a758.45
_bBEA-C
100 _aBeaney:Jan
245 0 _aCreative embroidery
650 _aArchitecture
942 _cBK
999 _c14612
_d14612